| 000 | 01210nam a22002297a 4500 | ||
|---|---|---|---|
| 999 |
_c60024 _d60024 |
||
| 003 | Ge_BSU | ||
| 005 | 20230531091842.0 | ||
| 008 | 230531b xxu||||| |||| 00| 0 geo d | ||
| 041 | _ageo | ||
| 080 | _a141.131+ 7.034 ლ-86 | ||
| 100 |
_aლოსევი, ა. _918334 |
||
| 245 |
_aაღმოსავლური რენესანსი : _bჩინეთი, ირანი, სომხეთი, საქართველო / _cალექსეი ლოსევი ; [მთარგმნ.: მიხეილ მახარაძე, პაატა ჩხეიძე]. |
||
| 264 |
_aბათუმი : _bგამ-ბა აჭარა, _c2005. |
||
| 300 |
_a67გვ. ; _b17სმ. |
||
| 504 | _a ბიბლიოგრ.: გვ. 49-50. | ||
| 653 | _aრენესანსი | ||
| 653 | _aნეოპლატონიზმი | ||
| 653 | _aაღმოსავლური რენესანსი ქართული რენესანსი | ||
| 700 |
_aმახარაძე, მიხეილ _eმთარგმნელი _918335 |
||
| 700 |
_aჩხეიძე, პაატა _eმთარგმნელი _918336 |
||
| 942 |
_2udc _cBK |
||